Soil Genesis and Classification (Record no. 13244)

MARC details
000 -LEADER
fixed length control field 00447nam a22001697a 4500
003 - CONTROL NUMBER IDENTIFIER
control field OSt
005 - DATE AND TIME OF LATEST TRANSACTION
control field 20211019105431.0
008 - FIXED-LENGTH DATA ELEMENTS--GENERAL INFORMATION
fixed length control field 211019b |||||||| |||| 00| 0 eng d
020 ## - INTERNATIONAL STANDARD BOOK NUMBER
International Standard Book Number 0-8138-1460-X
040 ## - CATALOGING SOURCE
Transcribing agency Hawassa University
050 ## - LIBRARY OF CONGRESS CALL NUMBER
Classification number 631.4/BUO
Item number 5
082 ## - DEWEY DECIMAL CLASSIFICATION NUMBER
Classification number 631.4/BUO
Item number 5
100 ## - MAIN ENTRY--PERSONAL NAME
Personal name Buol,W.S.
9 (RLIN) 14155
245 ## - TITLE STATEMENT
Title Soil Genesis and Classification
260 ## - PUBLICATION, DISTRIBUTION, ETC.
Name of publisher, distributor, etc. Tbe Iowa State University Press,Ames
Date of publication, distribution, etc. 1973
942 ## - ADDED ENTRY ELEMENTS (KOHA)
Source of classification or shelving scheme Dewey Decimal Classification
Koha item type Books like text book referance book
Suppress in OPAC No
Holdings
Withdrawn status Lost status Source of classification or shelving scheme Damaged status Not for loan Home library Current library Date acquired Total Checkouts Full call number Barcode Date last seen Copy number Price effective from Koha item type
    Dewey Decimal Classification     College of Agriculture Library College of Agriculture Library 10/19/2021   631.4/BUO ALIB0012076 10/19/2021 1 10/19/2021 Books like text book referance book
    Dewey Decimal Classification     College of Agriculture Library College of Agriculture Library 10/19/2021   631.4/BUO ALIB0012077 10/19/2021 2 10/19/2021 Books like text book referance book
    Dewey Decimal Classification     College of Agriculture Library College of Agriculture Library 10/19/2021   631.4/BUO ALIB0012078 10/19/2021 3 10/19/2021 Books like text book referance book
    Dewey Decimal Classification     College of Agriculture Library College of Agriculture Library 10/19/2021   631.4/BUO ALIB0012079 10/19/2021 4 10/19/2021 Books like text book referance book
    Dewey Decimal Classification     College of Agriculture Library College of Agriculture Library 10/19/2021   631.4/BUO ALIB0012080 10/19/2021 5 10/19/2021 Books like text book referance book